000 01320cam a22003254a 4500
001 12386375
003 ARRUPE
005 20160307085037.0
008 010420s2001 kyu b 001 0 eng
010 _a 2001026264
020 _a0664224067 (alk. paper)
040 _aDLC
_cDLC
_dDLC
042 _apcc
050 0 0 _aBS2506
_b.P366 2001
082 0 0 _a225.9/2
_221
245 0 0 _aPaul beyond the Judaism/Hellenism divide /
_cedited by Troels Engberg-Pedersen.
250 _a1st ed.
260 _aLouisville, Ky. :
_bWestminster John Knox Press,
_c2002.
300 _ax, 355 p. ;
_c23 cm.
504 _aIncludes bibliographical references (p. [263]-325) and indexes.
600 0 0 _aPaul,
_cthe Apostle, Saint.
_922736
630 0 0 _aBible.
_pEpistles of Paul
_xCriticism, interpretation, etc.
_922737
650 0 _aChristianity and other religions
_xJudaism.
_922738
650 0 _aJudaism
_xRelations
_xChristianity.
_922739
650 0 _aHellenism.
_9843
700 1 _aEngberg-Pedersen, Troels.
_91903
_eed.
906 _a7
_bcbc
_corignew
_d1
_eocip
_f20
_gy-gencatlg
942 _2lcc
_cMONOGRAPH
999 _c124311
_d124311